<?xml version="1.0" encoding="UTF-8"?>
<collection xmlns="http://www.loc.gov/MARC21/slim">
    <record>
        <controlfield tag="001">67413</controlfield>
        <controlfield tag="005">20180223094909.0</controlfield>
        <datafield tag="037" ind1=" " ind2=" ">
            <subfield code="a">GDOC-2016-29737</subfield>
        </datafield>
        <datafield tag="041" ind1=" " ind2=" ">
            <subfield code="a">spa</subfield>
        </datafield>
        <datafield tag="100" ind1=" " ind2=" ">
            <subfield code="0">(orcid)0000-0002-2567-9529</subfield>
            <subfield code="1">321338</subfield>
            <subfield code="a">Blasco Alberto, Javier Amadeo</subfield>
        </datafield>
        <datafield tag="245" ind1="0" ind2="0">
            <subfield code="9">29737</subfield>
            <subfield code="a">Diseño de instalaciones de fluidos</subfield>
        </datafield>
        <datafield tag="260" ind1=" " ind2=" ">
            <subfield code="a">Zaragoza</subfield>
            <subfield code="b">Universidad de Zaragoza</subfield>
            <subfield code="c">2016-2017</subfield>
        </datafield>
        <datafield tag="520" ind1=" " ind2=" ">
            <subfield code="a">La asignatura de Diseño de Instalaciones de Fluidos se imparte en el segundo semestre de cuarto curso del grado de Ingeniería Mecánica y proporciona al alumno conocimientos de instalaciones de tuberías típicas de la industria. También se imparte en el grados de Ingeniería Química y el grado en Ingeniería de tecnologías Industriales.</subfield>
            <subfield code="b"> </subfield>
        </datafield>
        <datafield tag="521" ind1=" " ind2=" ">
            <subfield code="9">149</subfield>
            <subfield code="a">Ingeniería Mecánica</subfield>
        </datafield>
        <datafield tag="540" ind1=" " ind2=" ">
            <subfield code="a">by-nc-sa</subfield>
            <subfield code="b">Creative Commons</subfield>
            <subfield code="c">3.0</subfield>
            <subfield code="u">http://creativecommons.org/licenses/by-nc-sa/3.0/</subfield>
        </datafield>
        <datafield tag="700" ind1=" " ind2=" ">
            <subfield code="0">(orcid)0000-0002-0063-1318</subfield>
            <subfield code="1">546402</subfield>
            <subfield code="a">Barroso Estébanez, Jorge Angel</subfield>
        </datafield>
        <datafield tag="830" ind1=" " ind2=" ">
            <subfield code="9">434</subfield>
        </datafield>
        <datafield tag="856" ind1="4" ind2=" ">
            <subfield code="s">13968</subfield>
            <subfield code="u">http://zaguan.unizar.es/record/67413/files/guia-29737-es.pdf</subfield>
            <subfield code="y">Guía (idioma español)</subfield>
        </datafield>
        <datafield tag="856" ind1="4" ind2=" ">
            <subfield code="s">6953</subfield>
            <subfield code="u">http://zaguan.unizar.es/record/67413/files/guia-29737-en.pdf</subfield>
            <subfield code="y">Guide (english)</subfield>
        </datafield>
        <datafield tag="970" ind1=" " ind2=" ">
            <subfield code="a">GDOC-2016-29737</subfield>
        </datafield>
        <datafield tag="980" ind1=" " ind2=" ">
            <subfield code="a">GDOC</subfield>
            <subfield code="b">Ingeniería y arquitectura</subfield>
            <subfield code="c">110</subfield>
        </datafield>
    </record>

    
</collection>